Loading...
| Beliefs | 0 | 7 | 0 | 1 | 70 | 81 | 110.29 | 0 | 3 | 6.66 | 18.36 |
| Fine Arts - Classical Music and Opera | 1 | 5 | 0 | 0 | 65 | 55 | 108.50 | 0 | 2 | 8.28 | 23.80 |
| Visual Arts | 0 | 3 | 0 | 2 | 30 | 110 | 130.00 | 0 | 2 | 2.14 | 10.60 |
| History - World | 0 | 3 | 0 | 0 | 30 | 99 | 112.00 | 0 | 0 | 3.14 | 9.20 |
| Literature - European | 1 | 2 | 1 | 0 | 30 | 44 | 92.33 | 0 | 2 | 7.94 | 13.45 |
| Literature - World | 1 | 1 | 1 | 0 | 20 | 29 | 67.50 | 1 | 1 | 7.37 | 9.74 |
| Literature - British | 0 | 2 | 0 | 0 | 20 | 127 | 137.50 | 0 | 0 | 1.53 | 4.29 |
| Philosophy | 0 | 2 | 0 | 1 | 20 | 118 | 129.00 | 0 | 0 | 0.45 | 7.74 |
| History - Ancient | 0 | 1 | 0 | 0 | 10 | 135 | 135.00 | 0 | 0 | 0.47 | 4.44 |
| History - Other | 0 | 1 | 0 | 0 | 10 | 105 | 105.00 | 0 | 1 | 4.09 | 18.33 |
| Geography | 0 | 1 | 0 | 0 | 10 | 147 | 147.00 | 0 | 0 | 0.23 | 6.67 |
| Modern World | 0 | 1 | 0 | 1 | 10 | 122 | 122.00 | 0 | 0 | 0.20 | 2.27 |
| History - American | 0 | 1 | 0 | 1 | 10 | 128 | 128.00 | 0 | 0 | 0.06 | 0.71 |
| Science - Biology | 0 | 1 | 1 | 0 | 5 | 97 | 97.00 | 0 | 1 | 1.51 | 5.71 |
| Science - Other | 0 | 1 | 1 | 0 | 5 | 130 | 130.00 | 0 | 0 | 0.08 | 1.52 |
| Literature - American | 0 | 1 | 1 | 0 | 5 | 153 | 153.00 | 0 | 0 | 0.05 | 1.30 |
| Social Science | 0 | 0 | 0 | 0 | 0 | 0.00 | 0 | 0 | 0.00 | 0.00 | |
| History - European | 0 | 0 | 0 | 0 | 0 | 0.00 | 0 | 0 | 0.00 | 0.00 |